Modern advanced accounting
| Main Author: | |
|---|---|
| Format: | Book |
| Published: |
New York :
McGraw-Hill ,
1994
|
| Edition: | 6th edition |
| Subjects: |
MARC
| LEADER | 00000cam a2200000 7i4500 | ||
|---|---|---|---|
| 001 | 0000002993 | ||
| 002 | 000003239 | ||
| 005 | 20000330.0 | ||
| 020 | |a 0070365954 | ||
| 090 | 0 | 0 | |a 657.046 |b LAR |
| 100 | 1 | |a Larsen, E.John | |
| 245 | 1 | 0 | |a Modern advanced accounting |c E.John Larsen |
| 250 | |a 6th edition | ||
| 260 | |a New York : |b McGraw-Hill , |c 1994 | ||
| 300 | |a 970p. ; |c 23cm. | ||
| 650 | 0 | 0 | |a Accounting |
| 999 | |a 036566 |b BUKU |c PINJAMAN |e PERPUSTAKAAN KOMUNITI PETALING JAYA | ||